000 00238nam a2200109Ia 4500
008 190216s9999||||xx |||||||||||||| ||und||
100 _aMary Mc Carthy
245 4 _aThe Group
260 _bPenguin Books
650 _aEnglish
942 _cBK
999 _c13370
_d13370